El libro del aire / (Record no. 20895)

000 -CABECERA
fixed length control field 00778nam a22002177a 4500
003 - IDENTIFICADOR DEL NÚMERO DE CONTROL
control field AR-CdUCM
008 - DATOS DE LONGITUD FIJA--INFORMACIÓN GENERAL
fixed length control field 190402b ||||| |||| 00| 0 spa d
040 ## - FUENTE DE LA CATALOGACIÓN
Agencia/entidad que catalogó originalmente la obra MUNICIPALIDAD PROVINCIAL DEL CUSCO
Entidad que transcribió la catalogación BIBLIOTECA MUNICIPAL DEL CUSCO
082 ## - NÚMERO DE LA CLASIFICACIÓN DECIMAL DEWEY
No. de Clasificación EP / 372.64 /
Notacion interna ES86
100 ## - ENTRADA PRINCIPAL--NOMBRE DE PERSONA
Nombre Personal Espina, Antonio
245 ## - MENCIÓN DE TÍTULO
Título El libro del aire /
260 ## - PUBLICACIÓN, DISTRIBUCIÓN, ETC.
Nombre de la editorial, distribuidor, etc. Aguilar,
Lugar de publicación, distribución, etc. Barcelona :
Fecha de publicación, distribución, etc. 1957.
300 ## - DESCRIPCIÓN FÍSICA
Otros detalles físicos Ilustraciones,
Dimensiones 34 cm.
Nº de Páginas Extensión 101 páginas ;
440 ## - MENCIÓN DE SERIE/PUNTO DE ACCESO ADICIONAL--TÍTULO
Título Coleccion el globo de colores
Número de la parte/sección de una obra Libros para saber
9 (RLIN) 43608
505 ## - NOTA DE CONTENIDO CON FORMATO
Nota de contenido formateada Contenido : Mitos, leyendas y arte -- El hombre burbuja de aire -- En escandinavia fue Tor..
650 ## - PUNTO DE ACCESO ADICIONAL DE MATERIA--TÉRMINO DE MATERIA
Descriptor Aire
9 (RLIN) 15839
650 ## - PUNTO DE ACCESO ADICIONAL DE MATERIA--TÉRMINO DE MATERIA
Descriptor Papel que desempeña
9 (RLIN) 43609
700 ## - PUNTO DE ACCESO ADICIONAL--NOMBRE DE PERSONA
Nombre Personal Aguirre, Antonio (ilustración)
9 (RLIN) 43610
942 ## - ELEMENTOS DE PUNTO DE ACCESO ADICIONAL (KOHA)
Fuente de clasificación
Tipo de item Libros-BMC
945 ## - PROCESAMIENTO DE INFORMACIÓN LOCAL (OCLC)
Catalogador rcc
Holdings
Estado de retiro (separado) Fuente de clasificación o esquema de estanterías Estado dañado Ubicación Sala donde se ubica Nombre de la colección Fecha de adquisición o compra Costo, precio normal en soles Signatura topográfica Código de Barras Última vez visto (Koha) Tipo de ítem (Koha)
No     Sala de Infantes Sala de Infantes Children's Area 2019-06-12 25.00 EP / 372.64 / ES86 SI00004645 2019-06-12 Libros-BMC

Powered by Koha